Pharmaceutical Master Validation Plan (Record no. 17079)
[ view plain ]
| 000 -LEADER | |
|---|---|
| fixed length control field | 00295nam a22000977a 4500 |
| 008 - FIXED-LENGTH DATA ELEMENTS--GENERAL INFORMATION | |
| fixed length control field | 140425t xxu||||| |||| 00| 0 eng d |
| 100 ## - MAIN ENTRY--PERSONAL NAME | |
| Personal name | Syed Imtiaz Haider |
| 9 (RLIN) | 834 |
| 245 ## - TITLE STATEMENT | |
| Title | Pharmaceutical Master Validation Plan |
| Remainder of title | The ultimate guide to FDA, GMP, And GLP Compliance |
| 300 ## - PHYSICAL DESCRIPTION | |
| Extent | 176 |
| 942 ## - ADDED ENTRY ELEMENTS (KOHA) | |
| Source of classification or shelving scheme | |
| Koha item type | Book |
| Withdrawn status | Lost status | Source of classification or shelving scheme | Damaged status | Not for loan | Collection code | Permanent Location | Current Location | Date acquired | Total Checkouts | Full call number | Barcode | Date last seen | Price effective from | Koha item type |
|---|---|---|---|---|---|---|---|---|---|---|---|---|---|---|
| Atta-ur-Rahman School of Applied Biosciences (ASAB) | Atta-ur-Rahman School of Applied Biosciences (ASAB) | 04/25/2014 | 615.1 HAI | ASAB457 | 04/25/2014 | 04/25/2014 | Book |
